[Event "Biel Blitz op 58th"]
[Site "Biel"]
[Date "2025.07.20"]
[Round "6"]
[White "Chen, Muxi"]
[Black "Soo, Kai Jie"]
[Result "0-1"]
[WhiteElo "1985"]
[BlackElo "2259"]
[PlyCount "54"]
[EventDate "2025.07.20"]
[EventType "swiss (blitz)"]
[EventRounds "13"]
[EventCountry "SUI"]
[SourceTitle "CB30_2025"]
[SourceDate "2025.07.23"]
[SourceVersion "1"]
[SourceVersionDate "2025.07.23"]
[SourceQuality "1"]

1. e4 e6 2. d4 d5 3. Nd2 dxe4 4. Nxe4 Nd7 5. Nf3 Ngf6 6. Bd3 c5 7. dxc5 Nxe4 8. Bxe4 Nxc5 9. Qe2 Nxe4 10. Qxe4 Bd6 11. 0-0 0-0 12. Ng5 f5 13. Qc4 Qc7 14. Qxc7 Bxc7 15. Re1 e5 16. Bd2 h6 17. Nf3 e4 18. Nd4 Bd7 19. Bb4 Rfe8 20. Rad1 Rad8 21. g3 Kf7 22. Bd2 g5 23. c3 Kf6 24. f3 exf3 25. Nxf3 Bb6+ 26. Kf1 Bb5+ 27. Kg2 Be2 0-1

[Event "Budapest FS07 IM"]
[Site "Budapest"]
[Date "2025.07.10"]
[Round "6"]
[White "Singh, Siddharth"]
[Black "Soo, Kai Jie"]
[Result "1-0"]
[WhiteElo "2280"]
[BlackElo "2240"]
[PlyCount "95"]
[EventDate "2025.07.05"]
[EventType "tourn"]
[EventRounds "9"]
[EventCountry "HUN"]
[SourceTitle "CB29_2025"]
[SourceDate "2025.07.16"]
[SourceVersion "1"]
[SourceVersionDate "2025.07.16"]
[SourceQuality "1"]

1. e4 c5 2. Nf3 d6 3. c3 Nf6 4. h3 Nc6 5. Bd3 e5 6. Bc2 Be7 7. d4 exd4 8. cxd4 d5 9. e5 Ne4 10. Nc3 cxd4 11. Nxe4 dxe4 12. Bxe4 Nxe5 13. Nxd4 Bc5 14. Be3 Qa5+ 15. Bd2 Qb6 16. Bc3 Bd7 17. 0-0 0-0 18. Nb3 Rae8 19. Bxe5 Bb5 20. Qd5 Bxf1 21. Rxf1 Qe6 22. Qxc5 Qxe5 23. Qxe5 Rxe5 24. Bxb7 Rb8 25. Bf3 g6 26. Rd1 a5 27. Nc1 Rc5 28. Be4 h5 29. b3 h4 30. Kf1 Re8 31. Bb1 Kg7 32. Ne2 Rce5 33. Ng1 g5 34. Nf3 Rc5 35. Nd4 Kf6 36. Nc2 Ra8 37. Ne3 Rac8 38. Ke2 Ke6 39. Bd3 f5 40. Bc4+ Ke5 41. a4 Re8 42. Kf3 Re7 43. Rd8 Rg7 44. Rf8 g4+ 45. hxg4 fxg4+ 46. Nxg4+ Kd4 47. Rf4+ Kc3 48. Nf6 1-0

[Event "Budapest FS07 IM"]
[Site "Budapest"]
[Date "2025.07.09"]
[Round "5"]
[White "Soo, Kai Jie"]
[Black "Lu, Ming"]
[Result "0-1"]
[WhiteElo "2240"]
[BlackElo "2255"]
[PlyCount "100"]
[EventDate "2025.07.05"]
[EventType "tourn"]
[EventRounds "9"]
[EventCountry "HUN"]
[SourceTitle "CB29_2025"]
[SourceDate "2025.07.16"]
[SourceVersion "1"]
[SourceVersionDate "2025.07.16"]
[SourceQuality "1"]

1. d4 d5 2. Bf4 c5 3. e3 Nc6 4. c3 Bf5 5. Nd2 e6 6. Ngf3 Qb6 7. Qb3 c4 8. Qxb6 axb6 9. e4 dxe4 10. Ng5 Nf6 11. Nxc4 Nd5 12. Bd2 h6 13. Nh3 g5 14. Ng1 0-0-0 15. h4 Be7 16. 0-0-0 gxh4 17. Nh3 b5 18. Ne3 Nxe3 19. fxe3 b4 20. c4 Rhg8 21. Be1 e5 22. d5 Nb8 23. d6 Rxd6 24. Rxd6 Bxd6 25. Bxh4 Bc5 26. Kd2 Rg6 27. Nf2 Rd6+ 28. Ke2 Ra6 29. g4 Bg6 30. Bg2 Rxa2 31. Rb1 b3 32. Bxe4 Ba3 33. Bxg6 fxg6 34. Nd3 e4 35. Nc1 Bxb2 36. Kd1 Bxc1 37. Kxc1 Rc2+ 38. Kd1 Rc3 39. Kd2 Rd3+ 40. Ke2 g5 41. Bg3 Nd7 42. Rh1 Nb6 43. Rxh6 Nxc4 44. Rh8+ Kd7 45. Rh7+ Ke6 46. Rxb7 Rxe3+ 47. Kf2 Rf3+ 48. Kg2 Ne3+ 49. Kh2 Nf1+ 50. Kh1 Nxg3+ 0-1

[Event "Budapest FS07 IM"]
[Site "Budapest"]
[Date "2025.07.06"]
[Round "2"]
[White "Seres, Lajos"]
[Black "Soo, Kai Jie"]
[Result "1/2-1/2"]
[WhiteElo "2274"]
[BlackElo "2240"]
[PlyCount "82"]
[EventDate "2025.07.05"]
[EventType "tourn"]
[EventRounds "9"]
[EventCountry "HUN"]
[SourceTitle "CB29_2025"]
[SourceDate "2025.07.16"]
[SourceVersion "1"]
[SourceVersionDate "2025.07.16"]
[SourceQuality "1"]

1. d4 Nf6 2. c4 e6 3. Nf3 d5 4. Nc3 Bb4 5. Bg5 h6 6. Bxf6 Qxf6 7. e3 c5 8. Rc1 cxd4 9. Nxd4 0-0 10. cxd5 exd5 11. Qb3 Bxc3+ 12. Qxc3 Bd7 13. Be2 Nc6 14. Nb5 Qxc3+ 15. Rxc3 a6 16. Nc7 d4 17. exd4 Rac8 18. Nd5 Rfe8 19. Kd2 Rcd8 20. Bd3 Nxd4 21. Ne3 Be6 22. b3 b5 23. Nc2 Bf5 24. Re1 Ne6 25. Re3 a5 26. g3 Rd5 27. Ne1 Red8 28. Ke2 Bh3 29. f3 b4 30. Rc1 Nc5 31. Rc2 Ne6 32. Kf2 Bf5 33. Bxf5 Rxf5 34. Rd3 Rxd3 35. Nxd3 Nd4 36. Rc8+ Kh7 37. f4 Nb5 38. Rc5 Rxc5 39. Nxc5 Nc3 40. Nb7 Nxa2 41. Nxa5 Kg6 1/2-1/2

[Event "Doeberl Cup 62nd"]
[Site "Canberra"]
[Date "2025.04.19"]
[Round "5"]
[White "Zhao, Zong Yuan"]
[Black "Soo, Kai Jie"]
[Result "1-0"]
[WhiteElo "2462"]
[BlackElo "2206"]
[PlyCount "96"]
[EventDate "2025.04.17"]
[EventType "swiss"]
[EventRounds "9"]
[EventCountry "AUS"]
[SourceTitle "CB17_2025"]
[SourceDate "2025.04.23"]
[SourceVersion "1"]
[SourceVersionDate "2025.04.23"]
[SourceQuality "1"]

1. d4 Nf6 2. c4 e6 3. Nc3 Bb4 4. Nf3 b6 5. Bg5 h6 6. Bh4 Bb7 7. Nd2 0-0 8. e4 Be7 9. Bg3 d5 10. cxd5 exd5 11. e5 Nfd7 12. Bd3 c5 13. 0-0 cxd4 14. Nb5 Nc6 15. Nf3 Nc5 16. Nfxd4 Nxd4 17. Nxd4 Nxd3 18. Qxd3 Bc5 19. Rad1 Bxd4 20. Qxd4 Qd7 21. Rfe1 Rfe8 22. h3 Rac8 23. Rd2 Qf5 24. Qa4 a6 25. Qb3 Qe6 26. f3 Rc4 27. Bf2 b5 28. Bd4 Qf5 29. Qe3 h5 30. b3 Rc6 31. g4 hxg4 32. hxg4 Qg6 33. Kg2 Rec8 34. Kg3 Rc2 35. Rxc2 Rxc2 36. e6 Qxe6 37. Qxe6 fxe6 38. Rxe6 Kf7 39. Rb6 Bc8 40. g5 Bf5 41. Rb7+ Ke6 42. Rb6+ Kf7 43. Rb7+ Ke6 44. Bxg7 Rxa2 45. Kf4 Bc2 46. Rb6+ Kd7 47. Bd4 Bxb3 48. g6 Rd2 1-0

[Event "Doeberl Cup 62nd"]
[Site "Canberra"]
[Date "2025.04.19"]
[Round "6"]
[White "Zhu, Harvey1"]
[Black "Soo, Kai Jie"]
[Result "1-0"]
[WhiteElo "2137"]
[BlackElo "2206"]
[PlyCount "63"]
[EventDate "2025.04.17"]
[EventType "swiss"]
[EventRounds "9"]
[EventCountry "AUS"]
[SourceTitle "CB17_2025"]
[SourceDate "2025.04.23"]
[SourceVersion "1"]
[SourceVersionDate "2025.04.23"]
[SourceQuality "1"]

1. e4 e5 2. Bc4 Nc6 3. Nc3 Nf6 4. d3 Na5 5. Bb3 Nxb3 6. axb3 Be7 7. d4 d6 8. Nf3 exd4 9. Qxd4 a6 10. h3 h6 11. Be3 Bd7 12. 0-0-0 c5 13. Qd3 0-0 14. Nh4 b5 15. Nf5 Bxf5 16. exf5 c4 17. bxc4 bxc4 18. Qxc4 Qa5 19. Qa4 Qxf5 20. g4 Qf3 21. Rhg1 Rab8 22. g5 hxg5 23. Rxg5 Rfc8 24. Rdg1 Ne8 25. R5g4 Qb7 26. Bd4 Bf8 27. b3 Qf3 28. Qa5 d5 29. R1g3 Qh1+ 30. Kb2 Bb4 31. Bxg7 Bxa5 32. Bf6+ 1-0

[Event "Begonia op 29th"]
[Site "Ballarat"]
[Date "2025.03.10"]
[Round "6"]
[White "Soo, Kai Jie"]
[Black "Dale, Ari"]
[Result "0-1"]
[WhiteElo "2183"]
[BlackElo "2324"]
[PlyCount "108"]
[EventDate "2025.03.08"]
[EventType "swiss"]
[EventRounds "7"]
[EventCountry "AUS"]
[SourceTitle "CB11_2025"]
[SourceDate "2025.03.12"]
[SourceVersion "1"]
[SourceVersionDate "2025.03.12"]
[SourceQuality "1"]

1. d4 Nf6 2. c4 g6 3. g3 c6 4. Bg2 d5 5. Qa4 Nfd7 6. cxd5 Nb6 7. Qd1 cxd5 8. Nc3 Nc6 9. e3 Bf5 10. Nh3 h5 11. Nf4 e6 12. h3 Bb4 13. 0-0 Bxc3 14. bxc3 Qd7 15. g4 hxg4 16. hxg4 e5 17. gxf5 exf4 18. Re1 0-0-0 19. e4 dxe4 20. Rxe4 gxf5 21. Rxf4 Nd5 22. Qf3 Nce7 23. Rb1 Qc6 24. Rxf5 Nxf5 25. Qxf5+ Qe6 26. Qxe6+ fxe6 27. Bd2 Rh7 28. Re1 Rg8 29. Kf1 Rhg7 30. Bh3 Rg1+ 31. Ke2 Rxe1+ 32. Kxe1 Kd7 33. c4 Rh8 34. Bg2 Nb6 35. Bxb7 Nxc4 36. Bc3 Rh3 37. Bb4 a5 38. Bc5 Nb2 39. Kd2 Na4 40. Bf8 Rh8 41. Ba3 Rh2 42. Ke3 Nc3 43. Bc5 Nxa2 44. d5 exd5 45. Bxd5 Rh5 46. Kd4 Nb4 47. Be4 Nc6+ 48. Kc4 a4 49. Ba3 Kc7 50. Bc5 Na5+ 51. Kb4 a3 52. Bb1 Nc6+ 53. Kc4 Rh1 54. Ba2 Rc1+ 0-1

[Event "Begonia op 29th"]
[Site "Ballarat"]
[Date "2025.03.09"]
[Round "4"]
[White "Dragicevic, Domagoj"]
[Black "Soo, Kai Jie"]
[Result "0-1"]
[WhiteElo "2079"]
[BlackElo "2183"]
[PlyCount "86"]
[EventDate "2025.03.08"]
[EventType "swiss"]
[EventRounds "7"]
[EventCountry "AUS"]
[SourceTitle "CB11_2025"]
[SourceDate "2025.03.12"]
[SourceVersion "1"]
[SourceVersionDate "2025.03.12"]
[SourceQuality "1"]

1. e4 c5 2. Nf3 d6 3. d4 cxd4 4. Nxd4 Nf6 5. Nc3 a6 6. Be3 e5 7. Nb3 Be6 8. f4 exf4 9. Bxf4 Nc6 10. Qe2 Be7 11. h3 0-0 12. 0-0-0 Ne8 13. Kb1 Bf6 14. Nd5 Be5 15. Be3 Rc8 16. g4 Bxd5 17. exd5 Na5 18. Nd2 Qc7 19. Qd3 Nf6 20. Bg2 Rfe8 21. Rc1 b5 22. Bd4 Nd7 23. Nf3 Bxd4 24. Nxd4 Ne5 25. Qg3 Qc5 26. Rhd1 Nec4 27. c3 Qc7 28. Nc6 Re2 29. Rc2 Re3 30. Qf2 Rce8 31. Nd4 R3e7 32. Re2 Rxe2 33. Nxe2 Ne3 34. Rd3 Nxg2 35. Qxg2 Qe7 36. Nc1 Nc4 37. b3 Ne3 38. Qf3 Qe5 39. Rd4 Qh2 40. Qe2 Qxh3 41. Rd3 Re5 42. Rd4 Nxd5 43. Qxe5 dxe5 0-1

[Event "Begonia op 29th"]
[Site "Ballarat"]
[Date "2025.03.09"]
[Round "5"]
[White "Le, Tri Kien"]
[Black "Soo, Kai Jie"]
[Result "1/2-1/2"]
[WhiteElo "2261"]
[BlackElo "2183"]
[PlyCount "71"]
[EventDate "2025.03.08"]
[EventType "swiss"]
[EventRounds "7"]
[EventCountry "AUS"]
[SourceTitle "CB11_2025"]
[SourceDate "2025.03.12"]
[SourceVersion "1"]
[SourceVersionDate "2025.03.12"]
[SourceQuality "1"]

1. d4 Nf6 2. c4 e6 3. Nc3 Bb4 4. Qc2 c5 5. dxc5 0-0 6. a3 Bxc5 7. Nf3 d5 8. Bg5 dxc4 9. e3 h6 10. Bh4 a6 11. Bxc4 b5 12. Rd1 Nbd7 13. Bd3 Qc7 14. Ne4 Bb6 15. Nd6 Bc5 16. Nxc8 Raxc8 17. 0-0 Qb7 18. Qe2 Be7 19. a4 Nc5 20. axb5 axb5 21. Bxb5 Rb8 22. Nd4 Nd5 23. Bg3 Rbc8 24. Bc4 Nb4 25. b3 Nc6 26. Qf3 Nxd4 27. Qxb7 Nxb7 28. Rxd4 Na5 29. Rd7 Nxc4 30. bxc4 Ba3 31. Bc7 Ra8 32. g3 Bc5 33. Be5 f6 34. Bd4 Rfc8 35. Rb1 Bf8 36. Rdb7 1/2-1/2

[Event "Begonia op 29th"]
[Site "Ballarat"]
[Date "2025.03.09"]
[Round "3"]
[White "Soo, Kai Jie"]
[Black "Hain, Anthony"]
[Result "1-0"]
[WhiteElo "2183"]
[BlackElo "1982"]
[PlyCount "83"]
[EventDate "2025.03.08"]
[EventType "swiss"]
[EventRounds "7"]
[EventCountry "AUS"]
[SourceTitle "CB11_2025"]
[SourceDate "2025.03.12"]
[SourceVersion "1"]
[SourceVersionDate "2025.03.12"]
[SourceQuality "1"]

1. d4 Nf6 2. c4 c5 3. d5 e5 4. Nc3 d6 5. e4 Be7 6. g3 0-0 7. Bg2 Ne8 8. Nge2 g6 9. 0-0 Ng7 10. h3 Na6 11. a3 Nc7 12. b4 b6 13. Bb2 f5 14. f4 Bf6 15. Qd2 Bd7 16. Rae1 cxb4 17. axb4 a5 18. b5 Nce8 19. exf5 gxf5 20. Na4 Rc8 21. Rc1 Qc7 22. Ba3 Rf7 23. Qe3 Rb8 24. Bf3 Kh8 25. Rfd1 Re7 26. Qf2 e4 27. Bg2 Nh5 28. Qe3 Rg7 29. Kh2 Rg6 30. Rg1 Bc8 31. Bf1 Bg7 32. Nd4 Nef6 33. Nc6 Rb7 34. Be2 Rh6 35. Kg2 Nd7 36. g4 fxg4 37. hxg4 Nxf4+ 38. Qxf4 Ne5 39. Nxe5 dxe5 40. Qxe4 Qd8 41. Rh1 Qg5 42. Rcf1 1-0

[Event "AUS-ch op"]
[Site "Melbourne"]
[Date "2025.01.11"]
[Round "9"]
[White "Asaka, Samuel"]
[Black "Soo, Kai Jie"]
[Result "1-0"]
[WhiteElo "2169"]
[BlackElo "2175"]
[PlyCount "25"]
[EventDate "2025.01.02"]
[EventType "swiss"]
[EventRounds "9"]
[EventCountry "AUS"]
[SourceTitle "CB03_2025"]
[SourceDate "2025.01.15"]
[SourceVersion "1"]
[SourceVersionDate "2025.01.15"]
[SourceQuality "1"]

1. d4 e6 2. c4 Nf6 3. Nf3 b6 4. g3 Ba6 5. Nbd2 c5 6. e4 d5 7. cxd5 Bxf1 8. Kxf1 exd5 9. Qe2 Qe7 10. e5 Nfd7 11. Ne4 Qe6 12. Neg5 Qf5 13. Nh4 1-0

[Event "AUS-ch op"]
[Site "Melbourne"]
[Date "2025.01.10"]
[Round "8"]
[White "Soo, Kai Jie"]
[Black "Zhu, Harvey1"]
[Result "1/2-1/2"]
[WhiteElo "2175"]
[BlackElo "1904"]
[PlyCount "153"]
[EventDate "2025.01.02"]
[EventType "swiss"]
[EventRounds "9"]
[EventCountry "AUS"]
[SourceTitle "CB03_2025"]
[SourceDate "2025.01.15"]
[SourceVersion "1"]
[SourceVersionDate "2025.01.15"]
[SourceQuality "1"]

1. d4 g6 2. c4 Bg7 3. Nf3 d6 4. Nc3 Nf6 5. g3 0-0 6. Bg2 c6 7. 0-0 Qa5 8. e4 Qh5 9. Ng5 Na6 10. Qxh5 Nxh5 11. Be3 e5 12. Rad1 h6 13. Nf3 Re8 14. d5 Bf8 15. Ne1 Nf6 16. Nd3 cxd5 17. cxd5 Bd7 18. f3 b5 19. b4 Rec8 20. Rc1 h5 21. Ne2 Kh7 22. Rxc8 Rxc8 23. Rc1 Bh6 24. f4 Re8 25. Nc3 Ng4 26. Bxa7 Ra8 27. Bb6 Rb8 28. Bf2 Nxf2 29. Kxf2 exf4 30. gxf4 f5 31. Rc2 Rc8 32. e5 Rc4 33. e6 Be8 34. Ke3 g5 35. a3 gxf4+ 36. Ke2 Bg7 37. Kd2 Bd4 38. Ne2 Be3+ 39. Kd1 Rxc2 40. Kxc2 Kh6 41. h4 Bb6 42. Ndxf4 Bf2 43. Bh3 Bxh4 44. Nd4 Kg5 45. Nd3 Bg3 46. Nxf5 Bh2 47. Ng7 Nc7 48. Nxe8 Nxe8 49. Kd2 Nc7 50. Bg2 Bg1 51. Ne1 Kf6 52. Kd3 Bh2 53. Nf3 Nxd5 54. Ke4 Nf4 55. Bf1 Bg3 56. Nd4 Nxe6 57. Nxb5 Ke7 58. Kd5 h4 59. Na7 Nf4+ 60. Kc6 h3 61. Nc8+ Kd8 62. Bxh3 Nxh3 63. Nb6 Bf2 64. a4 Bxb6 65. Kxb6 Kc8 66. Kc6 Ng5 67. Kxd6 Kb7 68. a5 Ne4+ 69. Kd5 Nc3+ 70. Kc4 Ne4 71. b5 Nd6+ 72. Kc5 Nxb5 73. Kxb5 Ka7 74. a6 Ka8 75. Kb6 Kb8 76. a7+ Ka8 77. Ka6 1/2-1/2

[Event "AUS-ch op"]
[Site "Melbourne"]
[Date "2025.01.09"]
[Round "7"]
[White "Soo, Kai Jie"]
[Black "Testolin, Ryder"]
[Result "1/2-1/2"]
[WhiteElo "2175"]
[BlackElo "2178"]
[PlyCount "111"]
[EventDate "2025.01.02"]
[EventType "swiss"]
[EventRounds "9"]
[EventCountry "AUS"]
[SourceTitle "CB03_2025"]
[SourceDate "2025.01.15"]
[SourceVersion "1"]
[SourceVersionDate "2025.01.15"]
[SourceQuality "1"]

1. d4 d5 2. c4 e6 3. Nf3 Nf6 4. g3 Be7 5. Bg2 0-0 6. 0-0 dxc4 7. Qc2 b5 8. a4 b4 9. Nfd2 Nd5 10. Nxc4 c5 11. dxc5 Bxc5 12. Nbd2 Ba6 13. Nb3 Nd7 14. Nxc5 Nxc5 15. Ne3 Rc8 16. Nxd5 exd5 17. Be3 d4 18. Rfd1 Nd7 19. Qd2 dxe3 20. Qxd7 exf2+ 21. Kxf2 Qb6+ 22. Qd4 Rc2 23. Bf3 Re8 24. Qxb6 axb6 25. Re1 g6 26. Rac1 Rxb2 27. Rb1 Ra2 28. Rxb4 Re6 29. Bg4 Rf6+ 30. Kg1 h5 31. Bf3 Kg7 32. g4 hxg4 33. Rxg4 Re6 34. Bd5 Raxe2 35. Rxe2 Rxe2 36. Rb4 Re1+ 37. Kg2 Re5 38. Rxb6 Bf1+ 39. Kxf1 Rxd5 40. Rb2 Rd1+ 41. Kf2 Ra1 42. Rb4 Ra3 43. h4 Kh6 44. Rf4 f5 45. Ke2 Kh5 46. Kf2 Rh3 47. Kg2 Rb3 48. Kf2 Kh6 49. Ke2 Ra3 50. Kf2 Rc3 51. Ke2 Rc5 52. Kd3 Kg7 53. Rf2 Kf6 54. Ra2 Ra5 55. Ke3 Kg7 56. Kd4 1/2-1/2

[Event "Wch Blitz"]
[Site "New York"]
[Date "2024.12.30"]
[Round "10"]
[White "Benjamin, Joel"]
[Black "Soo, Kai Jie"]
[Result "1-0"]
[WhiteElo "2473"]
[BlackElo "2153"]
[PlyCount "165"]
[EventDate "2024.12.30"]
[EventType "swiss (blitz)"]
[EventRounds "13"]
[EventCountry "USA"]
[SourceTitle "CB01_2025"]
[SourceDate "2025.01.01"]
[SourceVersion "1"]
[SourceVersionDate "2025.01.01"]
[SourceQuality "1"]

1. e4 e6 2. d4 d5 3. Nd2 a6 4. Ngf3 c5 5. dxc5 Bxc5 6. Bd3 Nc6 7. exd5 exd5 8. 0-0 Nf6 9. Nb3 Bb6 10. Bg5 0-0 11. h3 Qd6 12. Qd2 Bc7 13. Rad1 Nh5 14. Rfe1 Nf4 15. Bxf4 Qxf4 16. Qxf4 Bxf4 17. Bf1 Bf5 18. c3 Rad8 19. Bd3 Bc8 20. Nbd4 Rfe8 21. Rxe8+ Rxe8 22. Kf1 g6 23. Bc2 Rd8 24. Ne2 Bc7 25. Bb3 Ne7 26. Ned4 Kf8 27. Nc2 Bb6 28. Nfd4 Ng8 29. Nb4 Nf6 30. f3 h5 31. Ne2 Be6 32. Nf4 Bc7 33. Nfxd5 Nxd5 34. Nxd5 Bg3 35. Ne3 Re8 36. Bxe6 Rxe6 37. Nc2 h4 38. Nd4 Rb6 39. Rd2 Ke7 40. Ke2 Kf6 41. Kd3 Bf4 42. Re2 Rd6 43. b4 b5 44. Re4 Kg5 45. c4 bxc4+ 46. Kxc4 Bd2 47. Nb3 Bf4 48. a4 Rd1 49. Re2 Rb1 50. Nc5 Rc1+ 51. Kd5 Ra1 52. a5 Bc7 53. Kc6 Bxa5 54. bxa5 Rxa5 55. Re4 f5 56. Re2 Ra3 57. Ne6+ Kf6 58. Nf4 Kg5 59. Nd5 a5 60. Kb5 Ra1 61. f4+ Kh6 62. Nc3 Rf1 63. Nd5 Ra1 64. Rf2 Ra3 65. Nb6 g5 66. fxg5+ Kxg5 67. Nc4 Rb3+ 68. Kxa5 f4 69. Ka4 Rb8 70. Nd2 Kf5 71. Re2 Rb2 72. Ka3 Rc2 73. Kb3 Rc1 74. Nf3 Rf1 75. Nxh4+ Kg5 76. Nf3+ Kf5 77. Kc2 Ra1 78. Re5+ Kf6 79. Kd3 Ra2 80. Re2 Ra4 81. Rc2 Kf5 82. Ke2 Ra1 83. Kf2 1-0

[Event "Wch Rapid"]
[Site "New York"]
[Date "2024.12.28"]
[Round "12"]
[White "Soo, Kai Jie"]
[Black "Makoto, Rodwell"]
[Result "1-0"]
[WhiteElo "2112"]
[BlackElo "2407"]
[PlyCount "117"]
[EventDate "2024.12.26"]
[EventType "swiss (rapid)"]
[EventRounds "13"]
[EventCountry "USA"]
[SourceTitle "CB01_2025"]
[SourceDate "2025.01.01"]
[SourceVersion "1"]
[SourceVersionDate "2025.01.01"]
[SourceQuality "1"]

1. d4 Nf6 2. c4 g6 3. g3 Bg7 4. Bg2 0-0 5. Nc3 d6 6. Nf3 Nbd7 7. 0-0 e5 8. e4 Re8 9. h3 c6 10. Be3 a5 11. b3 exd4 12. Nxd4 Nc5 13. Qc2 Qe7 14. Rfe1 Nfd7 15. Rad1 Nf8 16. f4 Nfe6 17. Nde2 Qc7 18. Bf2 b6 19. Qd2 Rd8 20. g4 Bb7 21. Bg3 Nf8 22. Kh1 Qe7 23. Nd4 Nfe6 24. Nc2 Qf6 25. Ne2 Nc7 26. Ned4 Qe7 27. Qf2 N7e6 28. Nf5 gxf5 29. exf5 d5 30. cxd5 cxd5 31. Bh4 Qc7 32. fxe6 fxe6 33. Bxd8 Rxd8 34. Nd4 Qf7 35. Qe3 Re8 36. Nf5 Bf8 37. Bxd5 exf5 38. Qxe8 Bxd5+ 39. Kh2 fxg4 40. Qxf7+ Bxf7 41. hxg4 Kg7 42. Kg3 Kf6 43. Rd8 Kg7 44. Rb8 Nd3 45. Rd1 Nb4 46. Rd2 Bc5 47. Rb7 Kg6 48. f5+ Kf6 49. g5+ Kxf5 50. Rxf7+ Kxg5 51. Rxh7 Kf5 52. Kf3 Ke5 53. Rh8 Ke6 54. Re8+ Kf7 55. Re4 Nc6 56. Ke2 Kf6 57. Kd1 Kf5 58. Re8 Ne5 59. Rd5 1-0

[Event "Australasian Masters IM"]
[Site "Melbourne"]
[Date "2024.12.21"]
[Round "8"]
[White "Soo, Kai Jie"]
[Black "Morris, James"]
[Result "1/2-1/2"]
[WhiteElo "2153"]
[BlackElo "2425"]
[PlyCount "161"]
[EventDate "2024.12.14"]
[EventType "tourn"]
[EventRounds "9"]
[EventCountry "AUS"]
[EventCategory "1"]
[SourceTitle "CB52_2024"]
[SourceDate "2024.12.25"]
[SourceVersion "1"]
[SourceVersionDate "2024.12.25"]
[SourceQuality "1"]

1. d4 Nf6 2. c4 e6 3. g3 Bb4+ 4. Bd2 a5 5. Bg2 0-0 6. Qc2 d6 7. Nf3 Nc6 8. 0-0 Bxd2 9. Qxd2 Ne4 10. Qe3 d5 11. Nc3 Nd6 12. cxd5 exd5 13. Qf4 Ne7 14. Ne5 c6 15. Rad1 Ng6 16. Nxg6 hxg6 17. h4 Re8 18. b3 Qf6 19. Qxf6 gxf6 20. e3 Kg7 21. Bf3 Bf5 22. Rc1 Rh8 23. Kg2 Rh6 24. Rh1 Rah8 25. Rce1 g5 26. hxg5 Bh3+ 27. Kg1 fxg5 28. Rc1 Kf6 29. Na4 Ke7 30. Rc5 g4 31. Bg2 Bxg2 32. Rxh6 Rxh6 33. Kxg2 b5 34. Nb2 Ne4 35. Rc2 Ng5 36. Nd3 Nf3 37. Rc1 Kd6 38. a3 f6 39. Rd1 Rh2+ 40. Kf1 Ng5 41. Kg1 Rh7 42. Kf1 Ne4 43. Kg2 Ng5 44. Kf1 Rh1+ 45. Ke2 Rh2 46. Rf1 Ne4 47. Ke1 Ke6 48. Nc5+ Nxc5 49. dxc5 d4 50. Ke2 dxe3 51. Kxe3 Rh5 52. b4 Rf5 53. Rd1 Rf3+ 54. Ke2 Rxa3 55. Rd6+ Ke5 56. bxa5 Rxa5 57. Rxc6 Ra2+ 58. Ke3 Ra3+ 59. Ke2 Rc3 60. Rc8 Kd5 61. Rf8 Rf3 62. Rc8 Rc3 63. Rf8 Ke6 64. Re8+ Kd7 65. Rf8 Ke7 66. Rc8 f5 67. Rc6 Kd7 68. Rd6+ Kc7 69. Rd5 Rf3 70. Rd6 Rc3 71. Rd5 b4 72. Rxf5 b3 73. Rf4 b2 74. Rb4 Rc2+ 75. Kd3 Rxf2 76. Kc3 Rf3+ 77. Kxb2 Rxg3 78. Rb6 Rf3 79. Rg6 Rf5 80. Rxg4 Rxc5 81. Kb3 1/2-1/2

[Event "Melbourne op"]
[Site "Melbourne"]
[Date "2024.04.03"]
[Round "1"]
[White "Chen, Peng"]
[Black "Soo, Kai Jie"]
[Result "0-1"]
[WhiteElo "2450"]
[BlackElo "2107"]
[PlyCount "80"]
[EventDate "2024.04.03"]
[EventType "swiss"]
[EventRounds "9"]
[EventCountry "AUS"]
[SourceTitle "CBM 219 Extra"]
[Source "ChessBase"]
[SourceDate "2024.05.31"]
[SourceVersion "1"]
[SourceVersionDate "2024.05.31"]
[SourceQuality "1"]

1. e4 e6 2. d3 d5 3. Nd2 c5 4. g3 Bd6 5. Bg2 Ne7 6. f4 Nbc6 7. Ngf3 f6 8. 0-0 Bd7 9. c4 d4 10. e5 fxe5 11. Ne4 Qc7 12. fxe5 Bxe5 13. Nxc5 0-0 14. Ng5 Rxf1+ 15. Qxf1 Nd8 16. Nxb7 Nf5 17. Nc5 Rc8 18. Nxd7 Qxd7 19. Nxe6 g6 20. Ng5 h6 21. Ne4 Ne6 22. Bh3 Rf8 23. Qe2 Qc6 24. Bd2 Ne3 25. Rb1 Ng5 26. Nxg5 hxg5 27. Bg2 Qa4 28. Bxe3 Qxa2 29. Rd1 dxe3 30. d4 Bg7 31. d5 Qb3 32. d6 Rf2 33. Qg4 e2 34. Qe6+ Kh7 35. Re1 Bd4 36. Kh1 Qd1 37. Qe7+ Kh6 38. Qxe2 Qxe2 39. Rxe2 Rxe2 40. Bd5 g4 0-1

[Event "Begonia op 58th"]
[Site "Ballarat"]
[Date "2024.03.11"]
[Round "7"]
[White "Cannon, David"]
[Black "Soo, Kai Jie"]
[Result "1-0"]
[WhiteElo "2185"]
[BlackElo "2070"]
[PlyCount "107"]
[EventDate "2024.03.09"]
[EventType "swiss"]
[EventRounds "7"]
[EventCountry "AUS"]
[SourceTitle "CBM 219 Extra"]
[Source "ChessBase"]
[SourceDate "2024.05.31"]
[SourceVersion "1"]
[SourceVersionDate "2024.05.31"]
[SourceQuality "1"]

1. d4 Nf6 2. c4 e6 3. g3 Bb4+ 4. Bd2 Be7 5. Bg2 d5 6. Nf3 0-0 7. 0-0 Nbd7 8. Qc2 c6 9. Rd1 b6 10. b3 a5 11. Bf4 b5 12. Ne5 Bb7 13. Nc3 Qc8 14. Qd2 Bb4 15. c5 a4 16. Nd3 Ba5 17. b4 Bc7 18. Bxc7 Qxc7 19. f4 Ng4 20. Bf3 Nh6 21. e4 f5 22. e5 Rf7 23. Kh1 g6 24. Rg1 Rg7 25. g4 Kh8 26. g5 Nf7 27. Rg3 Rgg8 28. Kg2 Kg7 29. Kf2 Ba6 30. h4 Rh8 31. h5 Rag8 32. Rh1 Kf8 33. Rgh3 Ke7 34. R1h2 Qc8 35. Qd1 Qe8 36. Qh1 Qa8 37. a3 Qc8 38. Nd1 Bb7 39. Ne3 Qe8 40. Ng2 Kd8 41. Ne3 Kc8 42. Nc1 Kb8 43. Ne2 Ka7 44. Nc2 Ka8 45. Nc3 Ka7 46. Ke3 Ka8 47. Be2 Nb8 48. hxg6 hxg6 49. Rxh8 Rxh8 50. Rxh8 Qxh8 51. Qxh8 Nxh8 52. Bxb5 cxb5 53. Nxb5 Bc6 54. Nd6 1-0

[Event "Begonia op 58th"]
[Site "Ballarat"]
[Date "2024.03.10"]
[Round "3"]
[White "Soo, Kai Jie"]
[Black "Morrison, Jennifer"]
[Result "1-0"]
[WhiteElo "2070"]
[BlackElo "1758"]
[PlyCount "75"]
[EventDate "2024.03.09"]
[EventType "swiss"]
[EventRounds "7"]
[EventCountry "AUS"]
[SourceTitle "CBM 219 Extra"]
[Source "ChessBase"]
[SourceDate "2024.05.31"]
[SourceVersion "1"]
[SourceVersionDate "2024.05.31"]
[SourceQuality "1"]

1. d4 Nf6 2. c4 e6 3. g3 d5 4. Nf3 Bb4+ 5. Bd2 Be7 6. Bg2 0-0 7. 0-0 c6 8. Qc2 Nbd7 9. Rd1 b6 10. b3 Bb7 11. Nc3 Rc8 12. e4 dxe4 13. Ng5 c5 14. dxc5 Nxc5 15. Bf4 Qe8 16. Ngxe4 Nfxe4 17. Nxe4 Bxe4 18. Bxe4 Nxe4 19. Qxe4 Bf6 20. Rac1 e5 21. Be3 Qe7 22. Rd5 Rfd8 23. Rcd1 Rxd5 24. Rxd5 Rd8 25. Rxd8+ Qxd8 26. Qb7 Qe7 27. Qa8+ Qf8 28. Qxa7 h6 29. Qxb6 Qa8 30. a4 Qe4 31. h3 h5 32. a5 h4 33. gxh4 Qxh4 34. Qb8+ Kh7 35. Qc8 Qe4 36. a6 Qb1+ 37. Kh2 Qxb3 38. a7 1-0